Kultúrna infraštruktúra miestnych samospráv a jej využívanie bakalárska práca

Uložené v:
Podrobná bibliografia
Hlavný autor: Lauko, Sándor Barna
Korporativný autor: Národohospodárska fakulta EU. Katedra verejnej správy a regionálneho rozvoja
Ďalší autori: Černěnko, Tomáš, 1981-
Médium: Kniha
Jazyk:Slovak
Vydavateľské údaje: Bratislava 2024
Tagy: Pridať tag
Žiadne tagy, Buďte prvý, kto otaguje tento záznam!

MARC

LEADER 00000nbm a2200000 4500
001 0304036
005 20250310085608.7
041 0 |a slo 
044 |a SK 
245 1 0 |a Kultúrna infraštruktúra miestnych samospráv a jej využívanie  |b bakalárska práca  |c Sándor Barna Lauko ; školiteľ: Tomáš Černěnko 
264 1 |a Bratislava  |c 2024 
300 |a 45 s. 
100 1 |a Lauko, Sándor Barna 
700 1 |a Černěnko, Tomáš, 1981- 
710 2 |a Národohospodárska fakulta EU. Katedra verejnej správy a regionálneho rozvoja